00654nam a2200205Ia 4500952013100000999001700131003000400148005001700152008004100169020001800210040000900228082001900237100002500256245003800281250001200319260005100331300001000382650001200392942004400404 00102ddc40708APHYaMESbMEScPHYd2019-02-20g295.00l0o621.381 GRO/Bp26382r2019-02-20 00:00:00w2019-02-20yBKzGL15R2 c33670d33670OSt20200911102312.0190216s9999||||xx |||||||||||||| ||und|| a9780074638590 coclc a621.381bGRO/B aGrob, Bernard 94534 0aBasic Electronics /cBernard Grob a8th Ed. bTata Mcgrawhill Publishers,c2000.aNew Delhi: a1010p aPhysics cBK2ddch621.381iGRO/Bk621.381mGRO/B